El Alcalde vértice de la vida local / José Mª Esquerda Roset, Felio A. Vilarrubias
Descripción Física:
286 f. : mecanografiats ; 31 cm
Otros Autores:
Vilarrubias Solanes, Felio A.
MARC
| LEADER | 00000nam a2200000Ia 4500 | ||
|---|---|---|---|
| 001 | 8808 | ||
| 008 | 160829s1977 xx 000 0 cat d | ||
| 080 | |a FOL-1-124 | ||
| 100 | |a Esquerda Roset, José Ma. |9 37059 | ||
| 245 | |a El Alcalde vértice de la vida local / José Mª Esquerda Roset, Felio A. Vilarrubias | ||
| 260 | |a Madrid : |b Instituto de Estudios de Administración Local, |c 1977 | ||
| 300 | |a 286 f. : |b mecanografiats ; |c 31 cm | ||
| 650 | 0 | |a Administració local |9 34286 | |
| 650 | 0 | |a Municipis |x Govern i administració |9 22275 | |
| 700 | 1 | |a Vilarrubias Solanes, Felio A. |9 50554 | |
| 710 | 2 | |a Instituto de Estudios de Administración Local (Espanya) |9 54775 | |
| 901 | |a Arxiu | ||
| 942 | |n 1 | ||
| 952 | |0 0 |1 0 |4 0 |6 FOL1124 |7 1 |9 47628 |a Arxiu |b Arxiu |d 2016-12-01 |l 0 |o FOL-1-124 |p 8808 |r 2016-12-01 00:00:00 |w 2016-12-01 |y ARXIU | ||
| 999 | |c 51427 |d 51427 | ||